000 00679cam a22002053a 4500
001 45414
003 PGUSA
005 20140828084041.0
008 140416s2014||||xxu|||||s|||||000 | eng d
040 _aPGUSA
_beng
042 _adc
245 1 0 _aHandbook of Freethought :
_bContaining in Condensed and Systematized Form a Vast Amount of Evidence Against the Superstitious Doctrines of Christianity
_h[electronic resource] /
_cVarious
260 _bProject Gutenberg,
_c2014
506 _aPublic domain in the USA.
516 _aElectronic text
700 1 _aBell, W. S.
830 0 _aProject Gutenberg
_v45414
856 4 0 _uhttp://www.gutenberg.org/ebooks/45414
942 _cEB
999 _c274665
_d274665